000 00257nam a22001217a 4500
008 170525b xxu||||| |||| 00| 0 eng d
041 _aeng
080 _a007.52
100 _a26
101 _aIM
245 _aROBOTERSIMULATION
_cVERLAG.S
942 _2udc
_cBK
999 _c14288
_d14288